PFI contract terms clash with HGCR Act (Record no. 76418)

MARC details
000 -LEADER
fixed length control field 01195cab a2200205 4500
001 - CONTROL NUMBER
control field ##L132395
008 - FIXED-LENGTH DATA ELEMENTS--GENERAL INFORMATION
fixed length control field 060203n2006 000 0 eng u
035 ## - SYSTEM CONTROL NUMBER
System control number (Sirsi) u132395
041 0# - LANGUAGE CODE
Language code of text/sound track or separate title eng
100 1# - MAIN ENTRY--PERSONAL NAME
Personal name Brewer, Geoff
245 00 - TITLE STATEMENT
Title PFI contract terms clash with HGCR Act
260 ## - PUBLICATION, DISTRIBUTION, ETC.
Date of publication, distribution, etc. 2006
490 #0 - SERIES STATEMENT
Series statement Contract Journal
Volume/sequential designation 432(6560) 1 February 2006, 38(1)
520 ## - SUMMARY, ETC.
Summary, etc. Reviews and comments upon "Midland Expressway v Carillion Construction and others" ([2005] EWHC 2963, L132321). The case highlights the fact that although PFI contracts are exempt from the provisions of the Housing Grants, Construction and Regeneration Act 1996, construction agreements entered into by concession companies are not. Therefore, pay when paid clauses or those that seek to restrict a contractor's right to refer contract disputes to adjudication will be unenforceable.
590 ## - LOCAL NOTE (RLIN)
Local note IKA140206
650 24 - SUBJECT ADDED ENTRY--TOPICAL TERM
Topical term or geographic name entry element MIDLAND EXPRESSWAY V CARILLION CONSTRUCTION LTD AND OTHERS
650 24 - SUBJECT ADDED ENTRY--TOPICAL TERM
Topical term or geographic name entry element HOUSING GRANTS, CONSTRUCTION AND REGENERATION ACT 1996
690 ## - LOCAL SUBJECT ADDED ENTRY--TOPICAL TERM (OCLC, RLIN)
Topical term or geographic name as entry element MANAGEMENT-DISPUTE AVOIDANCE, MANAGEMENT AND RESOLUTION-DISPUTE MANAGEMENT AND RESOLUTION-ALTERNATIVE DISPUTE RESOLUTION-ADJUDICATION
942 ## - ADDED ENTRY ELEMENTS (KOHA)
Suppress in OPAC 0
Holdings
Withdrawn status Lost status Source of classification or shelving scheme Damaged status Not for loan Home library Current library Shelving location Date acquired Total Checkouts Full call number Barcode Date last seen Copy number Price effective from Koha item type
    Dewey Decimal Classification     London London Journal article 03/02/2006   L132395 132395-1001 06/08/2019 1 06/08/2019 Journal article